Optimizing property portfolio holdings : a scenario-assisted approach (Record no. 46405)
[ view plain ]
| 000 -LEADER | |
|---|---|
| fixed length control field | 01026cab a2200217 4500 |
| 001 - CONTROL NUMBER | |
| control field | ABS49936 |
| 008 - FIXED-LENGTH DATA ELEMENTS--GENERAL INFORMATION | |
| fixed length control field | 090401t1993 xxu||||| |||| 00| 0 eng d |
| 035 ## - SYSTEM CONTROL NUMBER | |
| System control number | (Sirsi) u73390 |
| 041 ## - LANGUAGE CODE | |
| Language code of text/sound track or separate title | eng |
| 100 ## - MAIN ENTRY--PERSONAL NAME | |
| Personal name | Matysiak, G.A. |
| 245 ## - TITLE STATEMENT | |
| Title | Optimizing property portfolio holdings : a scenario-assisted approach |
| 260 ## - PUBLICATION, DISTRIBUTION, ETC. | |
| Date of publication, distribution, etc. | 1993 |
| 350 ## - PRICE (NR) (BK AM CF MU VM SE) [OBSOLETE] | |
| Price | 0 |
| 490 ## - SERIES STATEMENT | |
| Series statement | Journal of Property Finance |
| Volume/sequential designation | 4(3/4) 1993, 68-75(4) |
| 520 ## - SUMMARY, ETC. | |
| Summary, etc. | Examines how to evaluate the risk and expected return profiles of alternative portfolio asset holdings. The analysis presented would be useful in situations such as property company mergers or takeovers, the potential impact of the acquisition of a portfolio of properties on an existing portfolio holdings and the risk-and-return profile of the residual portfolio resulting from sales of properties. |
| 650 ## - SUBJECT ADDED ENTRY--TOPICAL TERM | |
| Topical term or geographic name entry element | PORTFOLIO MANAGEMENT |
| 650 ## - SUBJECT ADDED ENTRY--TOPICAL TERM | |
| Topical term or geographic name entry element | PROPERTY PORTFOLIOS |
| 690 ## - LOCAL SUBJECT ADDED ENTRY--TOPICAL TERM (OCLC, RLIN) | |
| Topical term or geographic name as entry element | PROPERTY-COMMERCIAL PROPERTY-COMMERCIAL PROPERTY FINANCE AND INVESTMENT |
| 942 ## - ADDED ENTRY ELEMENTS (KOHA) | |
| Suppress in OPAC | 0 |
| 948 ## - LOCAL PROCESSING INFORMATION (OCLC); SERIES PART DESIGNATOR (RLIN) | |
| c (OCLC) | 04/03/1997 |
| Withdrawn status | Lost status | Source of classification or shelving scheme | Damaged status | Not for loan | Home library | Current library | Shelving location | Date acquired | Total Checkouts | Full call number | Barcode | Date last seen | Copy number | Price effective from | Koha item type |
|---|---|---|---|---|---|---|---|---|---|---|---|---|---|---|---|
| Dewey Decimal Classification | London | London | Journal article | 14/09/1999 | ABS49936 | 73390-1001 | 06/08/2019 | 1 | 06/08/2019 | Journal article |